Champions League Winners 2005-2017 - Statistics

General Stats
  • This quiz has been taken 53 times
    21 since last reset
  • The average score is 12 of 13
Answer Stats
Hint Answer % Correct
2006 Barcelona
100%
2009 Barcelona
100%
2011 Barcelona
100%
2015 Barcelona
100%
2014 Real Madrid
100%
2016 Real Madrid
100%
2017 Real Madrid
100%
2013 Bayern
95%
2005 Liverpool
95%
2008 Manchester United
95%
2007 Ac Milan
89%
2012 Chelsea
89%
2010 Inter
84%
No matching quizzes found
Score Distribution
Percent of People with Each Score
Percentile by Number Answered
Your Score History
You have not taken this quiz since the last reset